| 000 | 00760nam a2200253Ia 4500 | ||
|---|---|---|---|
| 003 | OSt | ||
| 005 | 20220923222745.0 | ||
| 006 | a|||||r|||| 00| 0 | ||
| 007 | ta | ||
| 008 | 220922b |||||||| |||| 00| 0 hin d | ||
| 024 | _a207,443 | ||
| 037 | _cTextual | ||
| 040 |
_aARTS _cARTS _bhin |
||
| 041 |
_2hin _ahin |
||
| 082 | _aO152,3NKU,AN, M6 | ||
| 100 | _aकुन्डू, विमल | ||
| 245 | 0 | _aअकुंश | |
| 246 | _aAkuansha | ||
| 260 |
_aदिल्ली _b आत्माराम एंड सन्स _c1986 |
||
| 300 |
_a96पृ. _ccm. |
||
| 650 |
_aहिन्दी साहित्य _9156264 |
||
| 942 |
_hO152,3NKU,AN, M6 _cTEXL _2CC |
||
| 999 |
_c358060 _d358060 |
||